The fungi : (Record no. 168863)
[ view plain ]
| 000 -LEADER | |
|---|---|
| fixed length control field | 00730cam4a220024100 4500 |
| 001 - CONTROL NUMBER | |
| control field | zam00002257 |
| 008 - FIXED-LENGTH DATA ELEMENTS--GENERAL INFORMATION | |
| fixed length control field | 951128s1973 xx eng u |
| 035 ## - SYSTEM CONTROL NUMBER | |
| System control number | (Sirsi) r19636 |
| 035 ## - SYSTEM CONTROL NUMBER | |
| System control number | (MACHINE)SLC. |
| 100 ## - MAIN ENTRY--PERSONAL NAME | |
| Personal name | Ainsworth, G. C. |
| Linkage | A80581.1 |
| 245 14 - TITLE STATEMENT | |
| Title | The fungi : |
| Remainder of title | vol. iv ascomycetes and fungi imperfection. |
| 260 ## - PUBLICATION, DISTRIBUTION, ETC. | |
| Date of publication, distribution, etc. | 1973. |
| 591 ## - | |
| -- | Class code: BS 935. |
| 591 ## - | |
| -- | Course: Plant pathology. |
| 591 ## - | |
| -- | School: S09. |
| 591 ## - | |
| -- | Lecturer: Prof. KAPOORIA, R.G. |
| 591 ## - | |
| -- | Number of Students: 29. |
| 949 ## - LOCAL PROCESSING INFORMATION (OCLC) | |
| a | QK603 |
| w | lcc |
| i | -17670 |
| m | MAIN |
| t | BOOK |
| l | ON-SHELF |
| 949 ## - LOCAL PROCESSING INFORMATION (OCLC) | |
| a | QK603 |
| w | lcc |
| i | -17671 |
| m | MAIN |
| t | BOOK |
| l | ON-SHELF |
| 900 ## - EQUIVALENCE OR CROSS-REFERENCE-PERSONAL NAME [LOCAL, CANADA] | |
| -- | MAIN |
| Field link and sequence number | QK603 |
| -- | AIN |
| Titles and other words associated with a name | 2 |
| 909 ## - | |
| -- | Book |
No items available.